Largest Canadian Ethnic Groups in 1900 - Statistics

General Stats
  • This quiz has been taken 89 times
  • The average score is 15 of 21
Answer Stats
# of Residents Answer % Correct
1,649,371 French
99%
310,601 German
99%
1,260,899 English
97%
988,721 Irish
96%
800,154 Scottish
96%
10,834 Italian
94%
6,285 Polish
90%
19,825 Russian
90%
33,845 Dutch
87%
17,312 Chinese
86%
4,738 Japanese
74%
5,682 Ukrainian
74%
10,947 Austrian
65%
3,866 Swiss
58%
2,502 Finnish
55%
127,941 Indigenous
55%
2,994 Belgian
51%
17,437 African
42%
16,131 Jewish
38%
13,421 Other British
30%
31,042 Scandinavian
4%
No matching quizzes found
Score Distribution
Percent of People with Each Score
Percentile by Number Answered
Your Score History
You have not taken this quiz